| 000 | 00448cam a2200169ua 4500 | ||
|---|---|---|---|
| 020 | _c13.50 | ||
| 041 |
_aeng _h |
||
| 082 |
_a303.482 _bSCH/IN |
||
| 100 | _aSchleicher, Charles.P . | ||
| 245 |
_aInternational relations : co=operation and conflict / _cP.Charles Schleicher. _hTextual Documents |
||
| 260 |
_a : _bPrentice Hall Inc , _c1963. |
||
| 300 | _a651 ; . | ||
| 365 | _a13.50 | ||
| 504 | _a | ||
| 942 | _cBK | ||
| 999 |
_c1829 _d1829 |
||